Statistics for Irreversible Binomial Idioms

Click here to take the quiz!

General Stats

  • This quiz has been taken 45 times
  • The average score is 13 of 20

Answer Stats

1st Part...Antonym% Correct
MacaroniandCheese
100%
HugsandKisses
98%
LawandOrder
85%
ShowandTell
83%
FishandChips
80%
NutsandBolts
78%
CloakandDagger
75%
PeachesandCream
68%
TablesandChairs
65%
ToothandNail
65%
BangersandMash
63%
RhythmandBlues
60%
KnifeandFork
60%
MilkandHoney
53%
ScratchandSniff
48%
PorkandBeans
43%
SlashandBurn
43%
PeasandCarrots
43%
VimandVigor
35%
HeartsandMinds
25%

Score Distribution

Percentile by Number Answered

Percent of People with Each Score

Your Score History

You have not taken this quiz